Microsoft Poweroint 2000 CZb základní příručka

Salvato in:
Dettagli Bibliografici
Autore principale: Magera, Ivo 1968-
Natura: Libro
Lingua:ceco
Pubblicazione: Brno Computer Press 2004
Edizione:Vyd. 1.
Soggetti:
Accesso online:Visualizza in OPAC
Tags: Aggiungi Tag
Nessun Tag, puoi essere il primo ad aggiungerne!!

MARC

LEADER 00000nam a2200000 a 4500
005 20260127134335.0
008 070202s2004 xr a g 001 0 cze c
020 |a 8072264311 (brož.) 
035 |a vtls008942245 
039 9 |a 200710120923  |b mschk02  |y 200702021057  |z mkpoh03 
040 |a POKPOH  |b slo  |c POKPOH  |d STUSCHK1  |e AACR 2 
041 0 |a cze 
044 |a xr  |c CZ 
072 7 |a 004.4/.6  |x Programové vybavenie. Programové prostriedky  |2 konspekt 
080 |a 004.42  |2 2001 
080 |a 004.92:659.2  |2 2001 
080 |a (035)  |2 2001 
100 1 |a Magera, Ivo  |d 1968- 
245 1 0 |a Microsoft Poweroint 2000 CZb základní příručka  |c 2004 
250 |a Vyd. 1. 
260 |a Brno  |b Computer Press  |c 2004 
300 |a xiv+292 s.  |b ilustr.  |c 23 cm 
650 0 7 |a Microsoft PowerPoint 2000  |2 SNKPH 
655 7 |a príručky  |2 SNKPH 
910 |a pokpoh 
910 |a SCHK95 
919 |a 80-7226-431-1 
999 |c 10262  |d 10262 
942 0 0 |0 3